000
00231nam a22000977a 4500
999
_c
263536
_d
263535
020
_a
0375815252
100
_a
Roald Dahl
245
_a
Charlie and the great glass elevator
260
_a
New York
_b
Random House
_c
1972
942
_c
BK